Cocktail Match Quiz Stats

Quiz Updated Oct 16, 2014

Challenge
Share
Tweet
Score 0/20 Timer 03:00
7 Plays Today
% Correct
Bloody
99.5%
PiƱa
98.8%
Sex on
98.8%
Long Island
97.4%
Irish
97.3%
Mai
96.9%
Tequila
96.6%
B
96.6%
White
96.1%
Old
95.5%
% Correct
Rusty
95%
Sea
94.5%
Tom
92.7%
Cuba
90.5%
Rob
90.2%
Salty
89.9%
Mint
89.7%
Singapore
89.7%
Harvey
88.2%
Moscow
86.6%

You're not logged in!

Compare scores with friends on all Sporcle quizzes.
Sign Up with Email
OR
Log In

You Might Also Like...

Show Comments

Extras

Top Quizzes Today


Score Distribution

Your Account Isn't Verified!

In order to create a playlist on Sporcle, you need to verify the email address you used during registration. Go to your Sporcle Settings to finish the process.